000 01424nam a22002417a 4500
999 _c393
_d393
003 AR-BaISA
005 20221011122514.0
007 ta
008 180216s2007 ag ad||| |||| 00| 0 spa d
020 _a9789876140539
040 _cAR-BaISA
082 0 4 _222
_a613.284 Am18
100 1 0 _9978
_aAmbrosi, Pierre
_eaut.
245 1 3 _aEl colesterol:
_bsus riesgos y tratamiento /
_cPierre Ambrosi
260 _aBuenos Aires:
_bCapital Intelectual /
_bEUDITIO,
_c2007
300 _a105 p.:
_bil., graf.
490 1 _aQuiero saber más sobre...
_v; 2
505 _t¿Qué es el colesterol? --
_tEl colesterol en el organismo humano --
_tVariaciones del colesterol sanguíneo --
_tEl aumento del colesterol en la sangre: la hipercolesterolemia --
_t¿Qué le puede pasar a un paciente con el colesterol elevado? --
_tEl estudio de los lípidos en la sangre --
_tLos exámenes indispensables en caso de diagnóstico de hipercolesterolemia --
_tLos exámenes complementarios en caso de diagnóstico de hipercolesterolemia --
_tLos buenos hábitos en la alimentación --
_tEl tratamiento --
_tLos medicamentos que reducen el colesterol --
_t¿Cuál es el tratamiento contra el aumento de los triglicéridos en sangre? --
_tHigiene de vida en caso de hipercolesterolemia
650 1 4 _9979
_aColesterol
_xtratamiento
650 1 4 _9979
_aColesterol
_xmanejo nutricional
830 0 _9975
_aQuiero saber más sobre...
_v2
942 _2ddc
_cLI